Thomas more

Tallennettuna:
Bibliografiset tiedot
Päätekijä: Chambers, R. W.
Aineistotyyppi: Kirja
Kieli:Undetermined
Julkaistu: London Penguin Books 1935
Tagit: Lisää tagi
Ei tageja, Lisää ensimmäinen tagi!
Thư viện lưu trữ: Trung tâm Học liệu Trường Đại học Cần Thơ
LEADER 00418nam a2200169Ia 4500
001 CTU_86492
008 210402s9999 xx 000 0 und d
082 |a 923.2 
082 |b C444 
100 |a Chambers, R. W. 
245 0 |a Thomas more 
245 0 |c R. W. Chambers 
260 |a London 
260 |b Penguin Books 
260 |c 1935 
904 |i Tuyến 
980 |a Trung tâm Học liệu Trường Đại học Cần Thơ